[Event "PARDUBICE OPEN  2007 "]
[Site "?"]
[Date "2007.07.26"]
[Round "7"]
[White "Zilberman, Yaacov"]
[Black "Oleksienko, Mikhailo"]
[Result "0-1"]
[WhiteElo "2473"]
[BlackElo "2567"]
[PlyCount "92"]


1. d4 Nf6 2. c4 e6 3. Nc3 c5 4. e3 cxd4 5. exd4 d5 6. Nf3 Be7 7. cxd5 Nxd5 8.
Bd3 O-O 9. O-O Nc6 10. Re1 Bf6 11. Be4 Nce7 12. Qd3 h6 13. a3 Bd7 14. Bxd5 Nxd5
15. Nxd5 exd5 16. Bf4 Qb6 17. Be5 Bd8 18. h3 Rc8 19. Rac1 Rxc1 20. Rxc1 Re8 21.
b4 f6 22. Bf4 Re4 23. Be3 Qd6 24. b5 Bc7 25. a4 Bb8 26. Qb3 Re8 27. Rc5 b6 28.
Rc2 Rc8 29. Kf1 Qe6 30. Rxc8+ Bxc8 31. Ne1 f5 32. Nd3 Qe4 33. Nb4 f4 34. Bc1 f3
35. Qxd5+ Qxd5 36. Nxd5 fxg2+ 37. Kg1 Bxh3 38. Ne7+ Kf7 39. Nc6 Bc7 40. d5 Bf5
41. Ba3 Bf4 42. Nxa7 h5 43. d6 h4 44. Nc6 h3 45. d7 Be4 46. d8=N+ Ke8 0-1

[Event "PARDUBICE OPEN  2007 "]
[Site "?"]
[Date "2007.07.26"]
[Round "7"]
[White "Ibrayev, Nurlan"]
[Black "Gajewski, Grzegorz"]
[Result "1/2-1/2"]
[WhiteElo "2468"]
[BlackElo "2556"]
[PlyCount "50"]


1. c4 Nf6 2. Nf3 e6 3. g3 d5 4. Bg2 a6 5. b3 Be7 6. O-O O-O 7. d4 b5 8. Qc2 Nc6
9. cxd5 Nb4 10. Qb2 Nbxd5 11. Ne5 Bb7 12. Rd1 Qc8 13. Nd3 c5 14. e4 Nb4 15.
Nxb4 cxb4 16. Qe2 Qc6 17. d5 exd5 18. exd5 Qd7 19. d6 Bd8 20. Be3 Bxg2 21. Kxg2
Ne4 22. Qf3 Bf6 23. Bd4 Bxd4 24. Rxd4 Nxd6 25. Rxb4 Rac8 1/2-1/2

[Event "PARDUBICE OPEN  2007 "]
[Site "?"]
[Date "2007.07.26"]
[Round "7"]
[White "Potkin, Vladimir"]
[Black "Laznicka, Viktor"]
[Result "1/2-1/2"]
[WhiteElo "2591"]
[BlackElo "2594"]
[PlyCount "103"]


1. d4 Nf6 2. c4 e6 3. Nf3 d5 4. Nc3 Bb4 5. cxd5 exd5 6. Bg5 O-O 7. Rc1 c6 8. e3
Nbd7 9. Bd3 Re8 10. O-O Be7 11. Qc2 Nf8 12. Ne5 Ng4 13. Bxe7 Rxe7 14. Nxg4 Bxg4
15. b4 a6 16. a4 Bh5 17. b5 axb5 18. axb5 Bg6 19. Ne2 Bxd3 20. Qxd3 Qd6 21. Ra1
Ree8 22. Nf4 Ne6 23. Nxe6 Qxe6 24. Rfc1 Qd6 25. g3 g6 26. Qc3 Rxa1 27. Qxa1 Kg7
28. Qa7 Re7 29. bxc6 bxc6 30. Rxc6 Qxg3+ 31. hxg3 Rxa7 32. Rd6 Ra5 33. g4 g5
34. Kg2 f6 35. Kg3 Kf7 36. Rd7+ Kg6 37. f4 gxf4+ 38. exf4 h5 39. Rd6 hxg4 40.
Kxg4 Rb5 41. f5+ Kf7 42. Kh5 Rb1 43. Rd7+ Ke8 44. Rxd5 Rg1 45. Ra5 Rg5+ 46. Kh6
Kd7 47. Kh7 Kd8 48. Rb5 Kd7 49. Kh6 Kd8 50. d5 Kd7 51. Rb7+ Kd8 52. d6 1/2-1/2

[Event "PARDUBICE OPEN  2007 "]
[Site "?"]
[Date "2007.07.26"]
[Round "7"]
[White "Dvoirys, Semen"]
[Black "Totsky, Leonid"]
[Result "1-0"]
[WhiteElo "2577"]
[BlackElo "2484"]
[PlyCount "75"]


1. e4 e6 2. d4 d5 3. e5 c5 4. c3 Bd7 5. Nf3 Nc6 6. Be2 Nge7 7. Na3 cxd4 8. cxd4
Ng6 9. Nc2 f6 10. exf6 gxf6 11. g3 Bd6 12. Rb1 Nb4 13. Nxb4 Bxb4+ 14. Kf1 Qb6
15. Bh6 Kf7 16. h4 Bb5 17. Kg2 Rac8 18. a3 Bf8 19. Bxf8 Rhxf8 20. Re1 Rc6 21.
h5 Ne7 22. Qd2 Bxe2 23. Rxe2 Nf5 24. Rc1 Rg8 25. Qf4 Rxc1 26. Qxc1 Qd6 27. Kf1
Ne7 28. Rc2 Qb8 29. Rc3 a6 30. Kg2 Nc6 31. b4 Ne7 32. Qc2 h6 33. Rc7 Rg7 34.
Qc5 Ke8 35. Qb6 Qd8 36. Qxb7 Kf8 37. Nh4 Kg8 38. Ng6 1-0

[Event "PARDUBICE OPEN  2007 "]
[Site "?"]
[Date "2007.07.26"]
[Round "7"]
[White "Bobras, Piotr"]
[Black "Haznedaroglu, Kivanc"]
[Result "1/2-1/2"]
[WhiteElo "2558"]
[BlackElo "2440"]
[PlyCount "128"]


1. e4 c5 2. Nf3 Nc6 3. d4 cxd4 4. Nxd4 Qb6 5. Nb3 Nf6 6. Nc3 e6 7. Qe2 Bb4 8.
Bd2 O-O 9. a3 Be7 10. e5 Nd5 11. g3 d6 12. exd6 Bxd6 13. Bg2 Nxc3 14. Bxc3 e5
15. O-O-O Qc7 16. Bxc6 bxc6 17. Qd3 Be7 18. Rhe1 f6 19. Qc4+ Kh8 20. Ba5 Qb7
21. Bb4 Bxb4 22. Qxb4 Qf7 23. Nc5 Bf5 24. Qb3 Qh5 25. h4 Rab8 26. Qc3 Qf7 27.
b3 Qe7 28. a4 Rfd8 29. Rxd8+ Rxd8 30. Rd1 Rxd1+ 31. Kxd1 h5 32. Kc1 Qd6 33. Nb7
Qd5 34. Qc5 Qxc5 35. Nxc5 g5 36. c4 Kg7 37. Kd2 Kg6 38. b4 gxh4 39. gxh4 Bh3
40. Ke3 Bf1 41. b5 cxb5 42. cxb5 Kf5 43. f3 Bc4 44. Kf2 Kf4 45. Ne4 Bd5 46. a5
f5 47. Nc3 Bxf3 48. b6 axb6 49. axb6 Bc6 50. Nb5 Kg4 51. Nd6 e4 52. b7 Bxb7 53.
Nxb7 Kxh4 54. Nd6 Kg4 55. Nc4 f4 56. Ne5+ Kf5 57. Nf7 h4 58. Nd6+ Ke5 59. Nf7+
Kd4 60. Ng5 Ke5 61. Ke2 Kf5 62. Nh3 Ke5 63. Ng5 Kd4 64. Ne6+ Ke5 1/2-1/2

[Event "PARDUBICE OPEN  2007 "]
[Site "?"]
[Date "2007.07.26"]
[Round "7"]
[White "Babula, Vlastimil"]
[Black "Schlosser, Philipp"]
[Result "1-0"]
[WhiteElo "2577"]
[BlackElo "2562"]
[PlyCount "49"]


1. d4 d5 2. c4 dxc4 3. e3 e5 4. Bxc4 exd4 5. exd4 Bd6 6. Nf3 Nf6 7. O-O O-O 8.
Bg5 h6 9. Bh4 Nc6 10. h3 g5 11. Bg3 Bxg3 12. fxg3 g4 13. hxg4 Bxg4 14. Nc3 Re8
15. Qd3 Kg7 16. Rad1 Bh5 17. Nh4 Bxd1 18. Nf5+ Kh8 19. Qxd1 Ne4 20. Bxf7 Nxc3
21. bxc3 Rf8 22. Nxh6 Qg5 23. Rf5 Qe3+ 24. Kh2 Qxh6+ 25. Rh5 1-0

[Event "PARDUBICE OPEN  2007 "]
[Site "?"]
[Date "2007.07.26"]
[Round "7"]
[White "Schneider, Dmitry"]
[Black "Grachev, Boris"]
[Result "1/2-1/2"]
[WhiteElo "2488"]
[BlackElo "2601"]
[PlyCount "40"]


1. e4 c5 2. Nf3 e6 3. d4 cxd4 4. Nxd4 Nc6 5. Nc3 Qc7 6. Be2 Nf6 7. O-O Be7 8.
Be3 O-O 9. f4 d6 10. Kh1 Nxd4 11. Bxd4 e5 12. Be3 exf4 13. Bxf4 Be6 14. Qd2
Rac8 15. Rad1 Qb6 16. Be3 Qc7 17. Bg5 Qc5 18. Be3 Qc7 19. Bg5 Qc5 20. Be3 Qc7
1/2-1/2

[Event "PARDUBICE OPEN  2007 "]
[Site "?"]
[Date "2007.07.26"]
[Round "7"]
[White "Kravtsiv, Martyn"]
[Black "Mochalov, Evgeny V"]
[Result "1/2-1/2"]
[WhiteElo "2492"]
[BlackElo "2429"]
[PlyCount "61"]


1. e4 c5 2. Nf3 Nc6 3. d4 cxd4 4. Nxd4 e5 5. Nb5 d6 6. N1c3 a6 7. Na3 b5 8. Nd5
Nge7 9. c4 Nxd5 10. cxd5 Nd4 11. Bd3 g6 12. O-O Bg7 13. Be3 O-O 14. Qd2 f5 15.
Bxd4 exd4 16. exf5 Bxf5 17. Nc2 Bd7 18. Nb4 Qb6 19. Be4 Rae8 20. Rfe1 d3 21.
Nxd3 Qd4 22. Qe3 b4 23. Qxd4 Bxd4 24. Bf3 a5 25. Rxe8 Rxe8 26. Rd1 Bb5 27. Bg4
Re4 28. Bf3 Re7 29. g3 Bxd3 30. Rxd3 Bxb2 31. Bd1 1/2-1/2

[Event "PARDUBICE OPEN  2007 "]
[Site "?"]
[Date "2007.07.26"]
[Round "7"]
[White "Gumula, Daniel"]
[Black "Korobov, Anton"]
[Result "0-1"]
[WhiteElo "2387"]
[BlackElo "2530"]
[PlyCount "84"]


1. d4 Nf6 2. c4 e6 3. Nc3 Bb4 4. Qc2 O-O 5. a3 Bxc3+ 6. Qxc3 d6 7. e3 b6 8. Be2
Bb7 9. Bf3 Ne4 10. Qc2 f5 11. Ne2 Nd7 12. b3 Qe7 13. Bb2 Ndf6 14. h3 Rae8 15.
O-O-O c5 16. Nf4 cxd4 17. exd4 Rc8 18. Kb1 b5 19. c5 dxc5 20. dxc5 Rxc5 21. Qe2
Rfc8 22. Bxe4 Bxe4+ 23. Ka1 b4 24. axb4 Rc2 25. Qa6 R8c6 26. Qa5 Rb6 27. f3 Qb7
28. Bxf6 Ra6 29. Rd8+ Kf7 30. Rd7+ Qxd7 31. Qxa6 gxf6 32. Qxe6+ Qxe6 33. Nxe6
Kxe6 34. fxe4 fxe4 35. g4 Ke5 36. Kb1 Rf2 37. Rc1 e3 38. Rc8 Kd4 39. Re8 Kd3
40. Rd8+ Kc3 41. Re8 e2 42. Re3+ Kd2 0-1

[Event "PARDUBICE OPEN  2007 "]
[Site "?"]
[Date "2007.07.26"]
[Round "7"]
[White "Feller, Sebastian"]
[Black "Stocek, Jiri"]
[Result "1-0"]
[WhiteElo "2476"]
[BlackElo "2572"]
[PlyCount "101"]


1. d4 Nf6 2. c4 e6 3. Nf3 Bb4+ 4. Bd2 c5 5. Bxb4 cxb4 6. e3 O-O 7. Be2 d6 8.
O-O Qe7 9. a3 bxa3 10. Rxa3 Nc6 11. Nc3 Bd7 12. Qd2 d5 13. c5 b6 14. cxb6 axb6
15. Rfa1 Na5 16. Qd1 Rac8 17. Ne5 g6 18. h3 Rfd8 19. Qb1 Qb4 20. Nd3 Qd6 21.
Ne5 Qb4 22. Nd3 Qe7 23. Ne5 Be8 24. b4 Nc6 25. Nxc6 Rxc6 26. Qb2 Rdc8 27. Bd3
R6c7 28. Ne2 Ne4 29. Bxe4 dxe4 30. Rc3 Bc6 31. Rac1 Bd5 32. Nf4 h5 33. R1c2 Kg7
34. b5 Qd7 35. Qc1 Rxc3 36. Rxc3 Ra8 37. Ra3 Rxa3 38. Qxa3 Qxb5 39. Qd6 Qc6 40.
Qe7 b5 41. h4 Qb7 42. Nxe6+ Kh7 43. Nf8+ Kg8 44. Nd7 Qc6 45. Nf6+ Kg7 46. Ne8+
Kg8 47. Qd8 Ba2 48. d5 Qc1+ 49. Kh2 Qb2 50. Nf6+ Kg7 51. Qg8+ 1-0

[Event "PARDUBICE OPEN  2007 "]
[Site "CEZ arena,  Pardubice  (CZE)"]
[Date "2007.07.26"]
[Round "7"]
[White "Adla, Diego"]
[Black "Maslak, Konstantin"]
[Result "1/2-1/2"]
[WhiteElo "2472"]
[BlackElo "2548"]
[PlyCount "107"]
[EventDate "2007.07.20"]

1. c4 e5 2. g3 Nf6 3. Bg2 Nc6 4. Nc3 Bb4 5. Nd5 Bc5 6. e3 O-O 7. Ne2 Re8 8. O-O
a6 9. b3 d6 10. Bb2 Ba7 11. h3 Nxd5 12. cxd5 Ne7 13. Rc1 c6 14. dxc6 Nxc6 15.
d4 Qa5 16. Bc3 Qb5 17. Qd2 Bf5 18. Rfd1 Rac8 19. Qb2 f6 20. Bf1 Qb6 21. Qa3 Bb8
22. d5 Ne7 23. Ba5 Qa7 24. Nc3 h6 25. Qb4 Qc5 26. Qxc5 Rxc5 27. b4 Rcc8 28. b5
axb5 29. Bxb5 Rf8 30. g4 Bg6 31. Bd7 Rc5 32. Bb4 Rc4 33. a3 Rd8 34. Be6+ Bf7
35. Ba5 Bc7 36. Bb4 Bb8 37. Rb1 Kf8 38. Kf1 h5 39. Ke2 Bxe6 40. dxe6 hxg4 41.
hxg4 Rxg4 42. Ba5 Re8 43. Rxb7 Nc6 44. Bc7 Bxc7 45. Rxc7 Rc4 46. Rf7+ Kg8 47.
Rg1 Rxc3 48. Rfxg7+ Kh8 49. R7g6 Re7 50. Rg8+ Kh7 51. R8g3 Kh8 52. Rg8+ Kh7 53.
R8g3 Kh8 54. Rg8+ 1/2-1/2

[Event "PARDUBICE OPEN  2007 "]
[Site "CEZ arena,  Pardubice  (CZE)"]
[Date "2007.07.26"]
[Round "7"]
[White "Smerdon, David"]
[Black "Sveshnikov, Evgeni"]
[Result "1-0"]
[WhiteElo "2461"]
[BlackElo "2504"]
[PlyCount "128"]
[EventDate "2007.07.20"]

1. e4 c5 2. Nf3 Nc6 3. c3 Nf6 4. e5 Nd5 5. d4 cxd4 6. cxd4 d6 7. Bc4 Nb6 8. Bb3
dxe5 9. d5 Na5 10. Nc3 Bg4 11. Be3 Nxb3 12. Qxb3 Bxf3 13. gxf3 g6 14. a4 Qd7
15. a5 Nc8 16. Ne4 Nd6 17. Nc5 Qb5 18. Qxb5+ Nxb5 19. Nxb7 a6 20. Bb6 Bh6 21.
O-O O-O 22. Kg2 Rfc8 23. Rfe1 f6 24. Nc5 Kf7 25. Ra4 Bf4 26. Rd1 g5 27. Rb4 Nd4
28. Ne4 Nf5 29. d6 exd6 30. Nxd6+ Nxd6 31. Rxd6 Ke7 32. Rd1 Rc2 33. Rb3 Rac8
34. Rbd3 R8c6 35. b4 Kf7 36. Bc5 Kg6 37. Kg1 h5 38. Rd8 g4 39. fxg4 hxg4 40.
R1d6 R6xc5 41. bxc5 e4 42. Rd4 Kf5 43. R8d5+ Ke6 44. Rh5 f5 45. Rb4 Rxc5 46.
Rxe4+ Be5 47. Rb4 f4 48. Rb6+ Kd5 49. Rb1 Rxa5 50. Rg5 Ke6 51. Rb6+ Kd5 52. Rb1
Ke6 53. Rb6+ Kd5 54. Rxg4 Ra2 55. Rg5 f3 56. Rb1 Ke6 57. Re1 Re2 58. Kf1 Rxe1+
59. Kxe1 Bxh2 60. Ra5 Bd6 61. Rxa6 Kd5 62. Kd2 Bc5 63. Ra5 Kd4 64. Rxc5 Kxc5
1-0

[Event "PARDUBICE OPEN  2007 "]
[Site "CEZ arena,  Pardubice  (CZE)"]
[Date "2007.07.26"]
[Round "7"]
[White "Kuljasevic, Davorin"]
[Black "Vovk, Andriy"]
[Result "1/2-1/2"]
[WhiteElo "2454"]
[BlackElo "2504"]
[PlyCount "77"]
[EventDate "2007.07.20"]

1. d4 Nf6 2. Nf3 g6 3. c4 Bg7 4. g3 O-O 5. Bg2 d6 6. Nc3 Nbd7 7. O-O e5 8. e4
a6 9. h3 b5 10. Qc2 Bb7 11. dxe5 dxe5 12. Rd1 Qe7 13. cxb5 axb5 14. Nxb5 Bxe4
15. Qxc7 Qb4 16. Nd6 Bd5 17. Ng5 Rxa2 18. Rxa2 Bxa2 19. Nge4 Bb3 20. Bd2 Qd4
21. Rb1 Nxe4 22. Nxe4 Nb6 23. Bc3 Nd5 24. Bxd4 Nxc7 25. Bc5 Rc8 26. Nd2 Bd5 27.
b4 Bxg2 28. Kxg2 Nb5 29. Nc4 Rd8 30. Ra1 f6 31. Ra5 Rb8 32. Nb6 Nc7 33. Ra7 Ne6
34. Nd5 f5 35. Ne7+ Kh8 36. Nc6 Rc8 37. Ne7 Rb8 38. Nc6 Rc8 39. Ne7 1/2-1/2

[Event "PARDUBICE OPEN  2007 "]
[Site "CEZ arena,  Pardubice  (CZE)"]
[Date "2007.07.26"]
[Round "7"]
[White "Shimanov, Alexander"]
[Black "Iskusnykh, Sergei"]
[Result "1-0"]
[WhiteElo "2428"]
[BlackElo "2488"]
[PlyCount "63"]
[EventDate "2007.07.20"]

1. d4 d5 2. c4 c6 3. Nf3 Nf6 4. Nc3 a6 5. e3 e6 6. b3 c5 7. cxd5 cxd4 8. Nxd4
exd5 9. Bb2 Bd6 10. Be2 Nc6 11. Rc1 O-O 12. O-O Nxd4 13. Qxd4 Re8 14. Nxd5
Bxh2+ 15. Kxh2 Qxd5 16. Rfd1 Qg5 17. Rc5 Bf5 18. Kg1 b6 19. Re5 Rxe5 20. Qxe5
Re8 21. Qc7 Ne4 22. Bc4 Bg6 23. Rd7 Qf5 24. f3 Ng5 25. e4 Nxf3+ 26. gxf3 Qxf3
27. Qe5 Qe3+ 28. Kf1 Qf3+ 29. Ke1 Qe3+ 30. Be2 f6 31. Rxg7+ Kh8 32. Qxf6 1-0

[Event "PARDUBICE OPEN  2007 "]
[Site "CEZ arena,  Pardubice  (CZE)"]
[Date "2007.07.26"]
[Round "7"]
[White "Heberla, Bartolomiej"]
[Black "Zherebukh, Yaroslav"]
[Result "1-0"]
[WhiteElo "2484"]
[BlackElo "2418"]
[PlyCount "119"]
[EventDate "2007.07.20"]

1. c4 Nf6 2. Nc3 g6 3. e4 d6 4. d4 Bg7 5. f4 O-O 6. Nf3 c5 7. dxc5 Qa5 8. Bd3
Qxc5 9. Qe2 Bg4 10. Be3 Qh5 11. O-O Nc6 12. Qf2 Bxf3 13. gxf3 Qa5 14. Kh1 Nd7
15. Rac1 Rfc8 16. Rg1 e6 17. Rg5 Nc5 18. Bb1 Qb4 19. Nb5 Qxb2 20. Nxd6 Rd8 21.
e5 Qxf2 22. Bxf2 f6 23. exf6 Nd3 24. f7+ Kh8 25. Bxd3 Rxd6 26. Be4 Rd7 27. Rb5
Rf8 28. Bc5 Rc8 29. Rcb1 Rxf7 30. Rxb7 Rxb7 31. Rxb7 Na5 32. Rb5 Nxc4 33. Bxa7
Kg8 34. a4 Nd6 35. Rb8 Bc3 36. Rxc8+ Nxc8 37. Bc5 Ba5 38. Bb7 Nb6 39. Bc6 Kf7
40. Kg2 Kf6 41. Kf2 Kf5 42. Ke3 e5 43. fxe5 Kxe5 44. Kd3 Kf5 45. Kd4 Nxa4 46.
Bxa4 Bc7 47. Bd7+ Kg5 48. Be7+ Kf4 49. Bc6 g5 50. Bf8 h5 51. Bh6 Kf5 52. Be4+
Kf6 53. h4 Bb6+ 54. Kd3 gxh4 55. f4 h3 56. Bg5+ Ke6 57. Ke2 Kd6 58. Kf3 h2 59.
Kg3 Bg1 60. Kh4 1-0

[Event "PARDUBICE OPEN  2007 "]
[Site "CEZ arena,  Pardubice  (CZE)"]
[Date "2007.07.26"]
[Round "7"]
[White "Pribyl, Josef"]
[Black "Akesson, Ralf"]
[Result "1/2-1/2"]
[WhiteElo "2383"]
[BlackElo "2477"]
[PlyCount "87"]
[EventDate "2007.07.20"]

1. Nf3 c5 2. c4 Nf6 3. Nc3 e6 4. g3 b6 5. Bg2 Bb7 6. O-O Be7 7. d4 cxd4 8. Qxd4
d6 9. Rd1 a6 10. b3 Nbd7 11. Bb2 O-O 12. e4 Qc7 13. Qe3 Rfe8 14. Rac1 Rac8 15.
Nd4 Qb8 16. h3 Bf8 17. Re1 g6 18. Rcd1 Bg7 19. Qd2 Rcd8 20. Re2 Bf8 21. Qe1 Ba8
22. Qf1 Rc8 23. Re3 Rc7 24. Qd3 Rec8 25. Ree1 Bh6 26. Nde2 Ne8 27. Kh2 Nc5 28.
Qb1 b5 29. cxb5 axb5 30. b4 Na4 31. Nxa4 bxa4 32. a3 e5 33. f4 Rc4 34. Rc1 Nf6
35. Rxc4 Rxc4 36. Qd3 Rxe4 37. Rc1 Bf8 38. fxe5 dxe5 39. Rf1 Qb6 40. Rxf6 Qxf6
41. Bxe4 Qf2+ 42. Kh1 Qf1+ 43. Kh2 Qf2+ 44. Kh1 1/2-1/2

[Event "PARDUBICE OPEN  2007 "]
[Site "CEZ arena,  Pardubice  (CZE)"]
[Date "2007.07.26"]
[Round "7"]
[White "Klovans, Janis"]
[Black "Kotronias, Vasilios"]
[Result "0-1"]
[WhiteElo "2446"]
[BlackElo "2602"]
[PlyCount "114"]
[EventDate "2007.07.20"]

1. e4 c5 2. Nf3 Nc6 3. d4 cxd4 4. Nxd4 Nf6 5. Nc3 d6 6. Bg5 e6 7. Qd2 Be7 8.
O-O-O O-O 9. Nb3 Qb6 10. f3 Rd8 11. Be3 Qc7 12. Qf2 Nd7 13. h4 a6 14. Qg3 Kh8
15. Nd4 Nf6 16. h5 h6 17. Kb1 Nxd4 18. Bxd4 b5 19. e5 dxe5 20. Bxe5 Rxd1+ 21.
Nxd1 Qc5 22. Nf2 Bb7 23. Nd3 Rd8 24. a3 Qa7 25. Be2 a5 26. Qf4 Kg8 27. Nc1 b4
28. a4 Nd5 29. Qg4 Bf6 30. Bxf6 Nxf6 31. Qh4 Bc6 32. b3 Rd5 33. Qc4 Qb6 34. Bd3
Rg5 35. Ne2 Rxg2 36. Nf4 Rg5 37. Re1 Bd7 38. Be4 Qd6 39. Nd3 Rxh5 40. f4 Nxe4
41. Qxe4 Bc6 42. Qe3 Bd5 43. Ne5 Qc7 44. Rg1 Rh1 45. Rxh1 Bxh1 46. Qd3 Bd5 47.
Qb5 Be4 48. Nc4 Qxf4 49. Nxa5 Qd2 50. Qc4 Qd5 51. Qe2 h5 52. Nc4 h4 53. Nd2 Bg2
54. Nf1 h3 55. Nh2 Qd6 56. Ng4 Qf4 57. a5 Bf3 0-1

[Event "PARDUBICE OPEN  2007 "]
[Site "CEZ arena,  Pardubice  (CZE)"]
[Date "2007.07.26"]
[Round "7"]
[White "Lechtynsky, Jiri"]
[Black "Mamedav, Rauf"]
[Result "1/2-1/2"]
[WhiteElo "2447"]
[BlackElo "2591"]
[PlyCount "45"]
[EventDate "2007.07.20"]

1. d4 Nf6 2. Nf3 g6 3. c4 Bg7 4. Nc3 O-O 5. Bg5 h6 6. Bh4 d6 7. e3 Nbd7 8. Be2
c6 9. Qc2 a6 10. a3 b5 11. O-O Bb7 12. Rad1 Qc7 13. h3 bxc4 14. Bxc4 e6 15. Bg3
c5 16. dxc5 Qxc5 17. Na4 Qh5 18. Rxd6 Bxf3 19. gxf3 Ne5 20. Be2 Nxf3+ 21. Kg2
Nh4+ 22. Kh2 Nf3+ 23. Kg2 1/2-1/2

[Event "PARDUBICE OPEN  2007 "]
[Site "CEZ arena,  Pardubice  (CZE)"]
[Date "2007.07.26"]
[Round "7"]
[White "Markos, Jan"]
[Black "Schneider, Ilja"]
[Result "1-0"]
[WhiteElo "2559"]
[BlackElo "2435"]
[PlyCount "67"]
[EventDate "2007.07.20"]

1. d4 Nf6 2. Nf3 e6 3. c4 c5 4. Nc3 cxd4 5. Nxd4 Nc6 6. a3 Qa5 7. Nb3 Qc7 8. g3
Ne5 9. Bf4 d6 10. Nb5 Qc6 11. N3d4 Qxh1 12. Nc7+ Ke7 13. c5 Nfg4 14. Nf3 Kd8
15. Bxe5 Nxe5 16. Nxa8 Nxf3+ 17. exf3 Qxh2 18. Qa4 Qh5 19. Qxa7 Qxf3 20. Qb6+
Ke7 21. cxd6+ Kf6 22. Qd8+ Kg6 23. Qxc8 Bxd6 24. Qc2+ f5 25. Nb6 Bxg3 26. fxg3
Qe3+ 27. Qe2 Qxb6 28. O-O-O Rc8+ 29. Kb1 Rc3 30. g4 Rxa3 31. gxf5+ exf5 32. Qe7
Qb3 33. Rd6+ Kh5 34. Be2+ 1-0

[Event "PARDUBICE OPEN  2007 "]
[Site "CEZ arena,  Pardubice  (CZE)"]
[Date "2007.07.26"]
[Round "7"]
[White "Janturin, Artur"]
[Black "Mista, Aleksander"]
[Result "0-1"]
[WhiteElo "2435"]
[BlackElo "2553"]
[PlyCount "88"]
[EventDate "2007.07.20"]

1. e4 c5 2. Nf3 d6 3. d4 cxd4 4. Nxd4 Nf6 5. Nc3 a6 6. Be2 e5 7. Nb3 Be7 8. g4
h6 9. f4 Nc6 10. h3 b5 11. a3 Bb7 12. Be3 Na5 13. Nxa5 Qxa5 14. Bf3 Rc8 15. O-O
exf4 16. Bxf4 Qb6+ 17. Kh1 Rc4 18. Bh2 Nxe4 19. Qe2 Nxc3 20. bxc3 Rxc3 21. Rae1
O-O 22. Bxb7 Qxb7+ 23. Qe4 Qxe4+ 24. Rxe4 Bf6 25. Bxd6 Rd8 26. Be7 Bxe7 27.
Rxe7 Rxc2 28. Rexf7 Rdd2 29. Rf8+ Kh7 30. R1f3 Rh2+ 31. Kg1 Rcg2+ 32. Kf1 Ra2
33. Kg1 Rhg2+ 34. Kf1 Rgb2 35. Re8 a5 36. Re1 b4 37. axb4 axb4 38. Kg1 Ra3 39.
Ree3 b3 40. Re1 Raa2 41. Rg3 Ra3 42. Rf3 Ra6 43. Ree3 Ra1+ 44. Rf1 Raa2 0-1

[Event "PARDUBICE OPEN  2007 "]
[Site "CEZ arena,  Pardubice  (CZE)"]
[Date "2007.07.26"]
[Round "7"]
[White "Cvek, Robert"]
[Black "Kulhanek, Tomas"]
[Result "1/2-1/2"]
[WhiteElo "2548"]
[BlackElo "2428"]
[PlyCount "56"]
[EventDate "2007.07.20"]

1. Nf3 c5 2. c4 g6 3. g3 Bg7 4. Bg2 Nc6 5. O-O d6 6. Nc3 Bg4 7. h3 Bd7 8. a3
Qc8 9. Kh2 h5 10. d3 h4 11. g4 Nh6 12. g5 Nf5 13. e4 Nfd4 14. Nxd4 Nxd4 15. f4
Rb8 16. a4 a6 17. Nd5 b6 18. Be3 Qd8 19. Bd2 e6 20. Ne3 e5 21. Nd5 Be6 22. Nf6+
Bxf6 23. gxf6 Qxf6 24. fxe5 Qxe5+ 25. Bf4 Qg7 26. Bg5 Qe5+ 27. Bf4 Qg7 28. Bg5
Qe5+ 1/2-1/2

[Event "PARDUBICE OPEN  2007 "]
[Site "CEZ arena,  Pardubice  (CZE)"]
[Date "2007.07.26"]
[Round "7"]
[White "Ivanov, Alexey"]
[Black "Jakubiec, Artur"]
[Result "1/2-1/2"]
[WhiteElo "2421"]
[BlackElo "2541"]
[PlyCount "143"]
[EventDate "2007.07.20"]

1. Nc3 c5 2. Nf3 a6 3. e4 d6 4. d4 cxd4 5. Nxd4 Nf6 6. g3 e5 7. Nb3 Bg4 8. Be2
Be6 9. Bf3 Be7 10. O-O Nbd7 11. Re1 Rc8 12. Nd2 h5 13. Nf1 h4 14. Ne3 g6 15.
Ned5 Bxd5 16. Nxd5 Nxd5 17. Qxd5 Rc6 18. a4 Bg5 19. b4 Bxc1 20. Rexc1 Rc3 21.
Bg2 Qc7 22. Rd1 Ke7 23. Rd3 Rc4 24. Rad1 Nf6 25. Qxd6+ Qxd6 26. Rxd6 Rxb4 27.
f4 hxg3 28. hxg3 exf4 29. e5 Ng4 30. gxf4 Rxf4 31. Rd7+ Ke6 32. R1d6+ Kxe5 33.
Rb6 Rxa4 34. Rxf7 Ra1+ 35. Rf1 Rxf1+ 36. Bxf1 Rh7 37. Bg2 Rc7 38. Bxb7 a5 39.
Bc6 Ra7 40. Ba4 g5 41. Kg2 Kf4 42. Rb8 Ne3+ 43. Kf2 g4 44. Rf8+ Nf5 45. c4 Rc7
46. Bc2 Rc5 47. Bd3 Re5 48. Kg2 Kg5 49. Rg8+ Kf6 50. Rc8 Ke7 51. c5 Kd7 52. Ba6
Ne7 53. c6+ Kd6 54. Re8 Kxc6 55. Bc8 Re2+ 56. Kf1 Re4 57. Bxg4 Rxg4 58. Rxe7
Kc5 59. Ke2 Rd4 60. Ke3 Rd5 61. Rc7+ Kb4 62. Rb7+ Ka3 63. Ke2 Rd4 64. Rb5 Ka4
65. Rb8 Rb4 66. Ra8 Rd4 67. Ke3 Rd5 68. Rb8 Ka3 69. Ke2 Rd4 70. Rb5 a4 71. Rb1
Ka2 72. Rb7 1/2-1/2

[Event "PARDUBICE OPEN  2007 "]
[Site "CEZ arena,  Pardubice  (CZE)"]
[Date "2007.07.26"]
[Round "7"]
[White "Jovanovic, Zoran"]
[Black "Khmelniker, Ilya"]
[Result "0-1"]
[WhiteElo "2537"]
[BlackElo "2427"]
[PlyCount "48"]
[EventDate "2007.07.20"]

1. e4 e5 2. Nf3 Nc6 3. Be2 g6 4. d4 exd4 5. Nxd4 Bg7 6. Be3 Nf6 7. Nc3 d6 8.
Qd2 O-O 9. O-O-O Re8 10. f3 d5 11. Bb5 Bd7 12. exd5 Nxd4 13. Bxd4 Bxb5 14. Nxb5
Qxd5 15. Nxc7 Qxa2 16. c3 Rec8 17. Nxa8 Nd5 18. Qc2 Bh6+ 19. Rd2 Nb4 20. Qb1
Qb3 21. f4 Na2+ 22. Qxa2 Qxa2 23. Kc2 Rxa8 24. Rhd1 Bxf4 0-1

[Event "PARDUBICE OPEN  2007 "]
[Site "CEZ arena,  Pardubice  (CZE)"]
[Date "2007.07.26"]
[Round "7"]
[White "Dziuba, Marcin"]
[Black "Dolezal, Radoslav"]
[Result "1-0"]
[WhiteElo "2536"]
[BlackElo "2418"]
[PlyCount "61"]
[EventDate "2007.07.20"]

1. d4 Nf6 2. c4 e6 3. Nc3 Bb4 4. Nf3 b6 5. Qc2 Bb7 6. a3 Bxc3+ 7. Qxc3 d6 8. e3
Nbd7 9. Be2 O-O 10. O-O Ne4 11. Qc2 f5 12. b4 Rf6 13. d5 exd5 14. Bb2 Rg6 15.
Rad1 dxc4 16. Bxc4+ Kh8 17. Bd5 c6 18. Bxc6 Rc8 19. b5 Qe7 20. Rd5 Qe6 21. Rfd1
f4 22. Nh4 Rg4 23. f3 Bxc6 24. bxc6 Ndf6 25. Bxf6 Nxf6 26. Rxd6 Qxe3+ 27. Qf2
Rxh4 28. Rd8+ Rxd8 29. Rxd8+ Ng8 30. Qxe3 fxe3 31. c7 1-0

[Event "PARDUBICE OPEN  2007 "]
[Site "CEZ arena,  Pardubice  (CZE)"]
[Date "2007.07.26"]
[Round "7"]
[White "Gavrilov, Alexei"]
[Black "Ostrovskiy, Andrey"]
[Result "1-0"]
[WhiteElo "2512"]
[BlackElo "2417"]
[PlyCount "69"]
[EventDate "2007.07.20"]

1. d4 Nf6 2. c4 e6 3. Nf3 b6 4. g3 Ba6 5. Qa4 Bb7 6. Bg2 c5 7. dxc5 Bxc5 8. O-O
O-O 9. Nc3 Be7 10. Bf4 Na6 11. Rad1 Nc5 12. Qc2 Nce4 13. Nd4 Nxc3 14. Qxc3 Bxg2
15. Kxg2 Qc8 16. Rc1 Qb7+ 17. Qf3 Ne4 18. h4 Rac8 19. Nb5 f5 20. Rfd1 Rfd8 21.
b3 Bc5 22. Nd6 Bxd6 23. Bxd6 b5 24. c5 b4 25. Rc4 Rc6 26. Rdd4 a5 27. Rxe4 fxe4
28. Rxe4 Rcc8 29. Qg4 h5 30. Qg6 Rf8 31. Bxf8 Rxf8 32. f3 Qd5 33. Rc4 Rf5 34.
c6 Qd2 35. Re4 1-0

[Event "PARDUBICE OPEN  2007 "]
[Site "CEZ arena,  Pardubice  (CZE)"]
[Date "2007.07.26"]
[Round "7"]
[White "Kanovsky, David"]
[Black "Warakomski, Tomasz"]
[Result "0-1"]
[WhiteElo "2410"]
[BlackElo "2506"]
[PlyCount "80"]
[EventDate "2007.07.20"]

1. e4 g6 2. d4 Bg7 3. Nc3 c6 4. Nf3 d6 5. h3 Qc7 6. Be3 b5 7. a4 b4 8. Na2 Nf6
9. Nd2 a5 10. c3 bxc3 11. bxc3 O-O 12. Bd3 Ba6 13. Qe2 Nfd7 14. O-O Nb6 15. Nc1
c5 16. Bxa6 Nxa6 17. Ncb3 cxd4 18. cxd4 Nb4 19. Qb5 Rfb8 20. Rac1 Qd8 21. Nxa5
Nxa4 22. Nb7 Na2 23. Nxd8 Rxb5 24. Ra1 N4c3 25. Nc6 e6 26. Kh2 Ra6 27. Rfc1
Rbb6 28. Nb4 Rxb4 29. Rxc3 Bxd4 30. Rc8+ Kg7 31. Bxd4+ Rxd4 32. Nc4 Kf6 33. f3
Ra7 34. Kg3 Ke7 35. Kf4 Rd3 36. Kg5 h5 37. h4 d5 38. exd5 Rxd5+ 39. Kh6 Kf6 40.
Rc6 Rd8 0-1

[Event "PARDUBICE OPEN  2007 "]
[Site "CEZ arena,  Pardubice  (CZE)"]
[Date "2007.07.26"]
[Round "7"]
[White "Yandemirov, Valeri"]
[Black "Krumpacnik, Domen"]
[Result "1/2-1/2"]
[WhiteElo "2504"]
[BlackElo "2410"]
[PlyCount "66"]
[EventDate "2007.07.20"]

1. e4 e6 2. d4 d5 3. Nd2 c5 4. exd5 Qxd5 5. Ngf3 cxd4 6. Bc4 Qd6 7. O-O Nc6 8.
Nb3 Nf6 9. Nbxd4 Nxd4 10. Nxd4 a6 11. Re1 Be7 12. c3 O-O 13. Bb3 Qc7 14. Bg5
Nd5 15. Bxe7 Nxe7 16. Qh5 Ng6 17. Rad1 Re8 18. Nf3 b5 19. Bc2 Nf8 20. Ne5 g6
21. Qh4 Qe7 22. Qf4 Bb7 23. Ng4 Kg7 24. Qh6+ Kg8 25. h4 Red8 26. h5 Rxd1 27.
Rxd1 Rd8 28. Re1 f5 29. Ne5 Qg7 30. Qxg7+ Kxg7 31. hxg6 hxg6 32. Rd1 Rxd1+ 33.
Bxd1 Kf6 1/2-1/2